Manchester United Squad 2013-2014 - Statistics

General Stats
  • This quiz has been taken 76 times
  • The average score is 22 of 31
Answer Stats
# Position Nation Player % Correct
1 GK Spain David de Gea
100%
10 FW England Wayne Rooney
94%
3 DF France Patrice Evra
92%
5 DF England Rio Ferdinand
92%
11 MF Wales Ryan Giggs
92%
14 FW Mexico Chicharito Hernández
90%
6 DF Northern Ireland Jonny Evans
90%
25 DF Ecuador Antonio Valencia
88%
8 MF Spain Juan Mata
88%
17 FW Portugal Nani
88%
15 DF Serbia Nemanja Vidić
88%
4 DF England Phil Jones
88%
20 FW Netherlands Robin van Persie
83%
12 DF England Chris Smalling
81%
2 DF Brazil Rafael
81%
16 MF England Michael Carrick
79%
24 MF Scotland Darren Fletcher
77%
31 MF Belgium Marouane Fellaini
75%
- Coach Scotland David Moyes
73%
18 DF England Ashley Young
65%
26 MF Japan Shinji Kagawa
65%
8 MF Brazil Anderson
63%
44 FW Belgium Adnan Januzaj
60%
19 FW England Danny Welbeck
60%
22 DF Brazil Fábio
50%
23 MF England Tom Cleverley
50%
13 GK Denmark Anders Lindegaard
48%
29 FW Ivory Coast Wilfried Zaha
44%
28 DF Netherlands Alexander Büttner
31%
50 GK England Sam Johnstone
15%
40 GK England Ben Amos
13%
No matching quizzes found
Score Distribution
Percent of People with Each Score
Percentile by Number Answered
Your Score History
You have not taken this quiz